• 首页
  • 本馆介绍
  • 公告通知
  • 最新文献
  • 馆藏检索
  • 电子资源
  • 读者导购
  • 参考咨询
  • 我的图书馆
  • 登录
  • 详细信息显示
  • 放入我的书架
  • 预约/预借图书
  • 作者相关作品
  • 分类相关作品
  • 丛书相关作品
  • 出版社相关作品

书目信息

  • 表格格式
  • 工作单格式
  • 卡片格式
题名:
馆之管
    
 
作者: 夏清 著
分册:  
出版信息: 上海   东方出版中心  2022.02
页数: 249页
开本: 21cm
丛书名:
单 册:
中图分类: G818
科图分类:
主题词: 体育场--ti yu chang--运营管理--研究 , 体育馆--ti yu guan--运营管理--研究
电子资源:
ISBN: 978-7-5473-1949-9
000 01430nam0 2200253 450
001 2250484228
005 20220915140145.47
010    @a978-7-5473-1949-9@dCNY68.00
100    @a20220630d2022 em y0chiy50 ea
101 0  @achi
102    @aCN@b310000
105    @aa z 000yy
200 1  @a馆之管@Aguan zhi guan@e大型文化体育场馆运营管理十三讲@f夏清等著
210    @a上海@c东方出版中心@d2022.02
215    @a249页@c图@d21cm
314    @a夏清, 现任上海久事体育赛事运营管理有限公司副总经理。华东师范大学音乐学学士、上海财经大学管理学硕士。
330    @a本书内容包括: 演唱会为什么一定要看现场版? 、大型文化体育室内综合性场馆硬件设计与建造指南、大型文化体育场馆人力资源配置管理方案、大型文化体育场馆项目制管理、大型文化体育场馆开展销售服务需要准备的文本材料、大型文化体育场馆在“场地租赁期”内的“场地服务”、大型文化体育场馆场地预订建议、大型文化体育场馆冠名赞助之解读、大型活动公安报批文件材料的准备工作建议、大型文化体育场馆在大型群众性活动安全管理中的定位、对大数据背景下大型文化体育场馆核心客户数据采集的思考、大型文化体育场馆举办国际A级篮球赛事的配套服务指南、演唱会场地考察需要注意什么? 。
517 1  @a大型文化体育场馆运营管理十三讲@Ada xing wen hua ti yu chang guan yun ying guan li shi san jiang
606 0  @a体育场@Ati yu chang@x运营管理@x研究
606 0  @a体育馆@Ati yu guan@x运营管理@x研究
690    @aG818@v5
701  0 @a夏清@Axia qing@4著
801  0 @aCN@b人天书店@c20220630
905    @aZUCC@dG818@e66
    
    馆之管:大型文化体育场馆运营管理十三讲/夏清等著.-上海:东方出版中心,2022.02
    249页:图;21cm
    
    
    ISBN 978-7-5473-1949-9:CNY68.00
    本书内容包括: 演唱会为什么一定要看现场版? 、大型文化体育室内综合性场馆硬件设计与建造指南、大型文化体育场馆人力资源配置管理方案、大型文化体育场馆项目制管理、大型文化体育场馆开展销售服务需要准备的文本材料、大型文化体育场馆在“场地租赁期”内的“场地服务”、大型文化体育场馆场地预订建议、大型文化体育场馆冠名赞助之解读、大型活动公安报批文件材料的准备工作建议、大型文化体育场馆在大型群众性活动安全管理中的定位、对大数据背景下大型文化体育场馆核心客户数据采集的思考、大型文化体育场馆举办国际A级篮球赛事的配套服务指南、演唱会场地考察需要注意什么? 。
●
相关链接 在五车中查询图书 在当当中查询图书 在豆瓣中查询图书


正题名:馆之管     索取号:G818/66         预约/预借

序号 登录号 条形码 馆藏地/架位号 状态 备注
1 2000891814   2000891814   第三书库/ [索取号:G818/66] 在馆    
2 2000891815   2000891815   第三书库/ [索取号:G818/66] 在馆    
3 2000891816   2000891816   第三书库/ [索取号:G818/66] 在馆    
山东省滨州职业学院图书馆 欢迎您!
大连网信软件有限公司© 版权所有